Top Goalscorers in the Champions League for Atletico Madrid - Statistics

General Stats
  • This quiz has been taken 193 times
    110 since last reset
  • The average score is 9 of 20
Answer Stats
# Goals Games Goals/Game Years Answer % Correct
1 32 73 0.438 2014-'19, 2021- Antoine Griezmann
98%
16 5 95 0.053 2009- Koke
88%
6 8 25 0.32 2019-'20, 2022- Álvaro Morata
76%
3 11 74 0.179 2014-'21, 2022- Saúl Ñíguez
74%
4 9 20 0.45 2010-'14, 2017-'20 Diego Costa
72%
20 4 52 0.077 2010-2019 Diego Godín
67%
13 5 14 0.357 2006-2011 Sergio Agüero
66%
15 5 45 0.111 2015-'18, 2020-'23 Yannick Carrasco
56%
7 7 27 0.259 2019-2023 João Félix
53%
2 12 21 0.571 1964-1974 Luis Aragonés
38%
17 4 7 0.571 1994-'96, 2003-'05 Diego Simeone
35%
12 5 10 0.5 2014-2015 Mario Mandžukić
33%
14 5 19 0.263 2011-2015 Arda Turan
29%
8 7 31 0.226 2007-'11, 2012-'15 Raúl García
28%
11 5 8 0.625 1995-1998 Milinko Pantić
17%
18 4 19 0.211 1966-1977 José Gárate
12%
19 4 20 0.2 1959-1976 Adelardo
10%
10 6 14 0.429 1953, 1954-'69 Enrique Collar
6%
5 8 10 0.8 1958-1961 Vavá
5%
9 6 10 0.6 1955-'62, 1970-'71 Joaquín Peiró
2%
No matching quizzes found
Score Distribution
Percent of People with Each Score
Percentile by Number Answered
Your Score History
You have not taken this quiz since the last reset